Music Quiz

Random Music or Album Quiz

Songs on the White Album Quiz Stats

 Plays Quiz Updated Feb 26, 2020

Support Sporcle.
Go Orange.
Score 0/30 Timer 06:00
3 Plays Today
Song % Correct
Back in the U.S.S.R.
87.3%
Dear Prudence
79.4%
While My Guitar Gently Weeps
79.3%
Revolution 9
79%
Rocky Raccoon
77.4%
Glass Onion
74.8%
Julia
74.5%
Helter Skelter
74%
Blackbird
71.4%
Piggies
70.9%
Revolution 1
69.9%
Ob-La-Di, Ob-La-Da
68.9%
Birthday
68.8%
Happiness Is a Warm Gun
66.9%
Why Don't We Do It in the Road?
65%
Song % Correct
Honey Pie
64.7%
Good Night
64.6%
Martha My Dear
63%
Wild Honey Pie
61.3%
The Continuing Story of Bungalow Bill
61.2%
Sexy Sadie
60.1%
Savoy Truffle
60.1%
I Will
55.6%
Yer Blues
55.4%
Don't Pass Me By
55.1%
Everybody's Got Something to Hide Except Me and My Monkey
54%
I'm So Tired
51.5%
Long, Long, Long
49.7%
Mother Nature's Son
48.8%
Cry Baby Cry
45.2%

From the Vault

Born in Ontario

by SporcleEXP

There's one born every minute.
Remove Ads.
Support Sporcle.
Get the best of Sporcle when you Go Orange. This ad-free experience offers more features, more stats, and more fun while also helping to support Sporcle. Thank you for becoming a member.

Show Comments

Extras

Top Quizzes Today


Score Distribution

Your Account Isn't Verified!

In order to create a playlist on Sporcle, you need to verify the email address you used during registration. Go to your Sporcle Settings to finish the process.

Report this User

Report this user for behavior that violates our Community Guidelines.

Details: